书目信息 |
| 题名: |
市场营销学
|
|
| 作者: | 杜伟 , 曾今秋 主编 | |
| 分册: | ||
| 出版信息: | 成都 四川大学出版社 2002.12 |
|
| 页数: | 232页 | |
| 开本: | 26cm | |
| 丛书名: | ||
| 单 册: | ||
| 中图分类: | F13.50 | |
| 科图分类: | ||
| 主题词: | 市场营销学--shi chang ying xiao xue--教材 | |
| 电子资源: | ||
| ISBN: | 7-5614-2377-2 | |
| 000 | 00833 nam 000229 | |
| 001 | 012006318978 | |
| 005 | 20060321170604.30 | |
| 010 | @a7-5614-2377-2@dCNY18.00 | |
| 100 | @a20060321d2002 km y0chiy0120 ea | |
| 101 | 0 | @achi |
| 102 | @aCN@b510000 | |
| 105 | @ay z 000yy | |
| 200 | 1 | @a市场营销学@Ashi chang ying xiao xue@f杜伟, 曾今秋主编@Fdu wei,ceng jin qiu zhu bian |
| 210 | @a成都@c四川大学出版社@d2002.12 | |
| 215 | @a232页@d26cm | |
| 330 | @a本书为高等学校教材。书中较为系统地介绍了市场营销学的基本理论与实务。包括市场营销学的特点、研究对象、内容和方法、市场营销学的产生和发展以及市场营销理论的运用。 | |
| 606 | 0 | @a市场营销学@Ashi chang ying xiao xue@j教材 |
| 690 | @aF13.50@v4 | |
| 701 | 0 | @a杜伟@Adu wei@4主编 |
| 701 | 0 | @a曾今秋@Aceng jin qiu@4主编 |
| 801 | 0 | @aCN@bQSSK@c20060321 |
| 905 | @a10447@dF13.50@eD863 | |
| 市场营销学/杜伟, 曾今秋主编.-成都:四川大学出版社,2002.12 |
| 232页;26cm |
| ISBN 7-5614-2377-2:CNY18.00 |
| 本书为高等学校教材。书中较为系统地介绍了市场营销学的基本理论与实务。包括市场营销学的特点、研究对象、内容和方法、市场营销学的产生和发展以及市场营销理论的运用。 |
| ● |
| 相关链接 |
|
|
|
正题名:市场营销学
索取号:F13.50/D863
 
预约/预借
| 序号 | 登录号 | 条形码 | 馆藏地/架位号 | 状态 | 备注 |
| 1 | 556438 | 205564389 | 社科库409/409社科库 71排2列4层/ [索取号:F13.50/D863] | 在馆 | |
| 2 | 556439 | 205564398 | 社科二线422/409社科库 71排2列4层/ [索取号:F13.50/D863] | 在馆 | |
| 3 | 556440 | 205564405 | 社科二线422/409社科库 71排2列4层/ [索取号:F13.50/D863] | 在馆 |